| 000 | 00679cam a2200229 4500 | ||
|---|---|---|---|
| 001 | 24031 | ||
| 005 | 20230404130023.0 | ||
| 008 | 060907s2004 ve spa | ||
| 020 | _a9803761099 | ||
| 035 | _9funglode24206 | ||
| 041 | _aspa | ||
| 050 | 1 | 4 |
_a107 F 1785 _bS211c 2004 |
| 082 | 0 | 0 | _a327.7291087 |
| 100 | 1 | _aSánchez Otero, Germán | |
| 245 | 1 | 0 |
_aCuba desde Venezuela / _cGermán Sánchez Otero |
| 260 |
_aCaracas : _bConsejo Nacional de la Cultura, _c2004 |
||
| 300 | _a331 p. | ||
| 651 | 0 |
_aCuba _xRelations _zVenezuela. |
|
| 650 | 4 |
_aCuba _xHistoria _yRevolución, 1959 _xEnsayos, conferencias, etc. |
|
| 651 | 0 |
_aVenezuela _xRelations _zCuba. |
|
| 942 |
_2lcc _cbk |
||
| 999 |
_c9337 _d9337 |
||